00954nam a2200253 a 450000100100000000500170001000800410002704000250006808200170009310000210011024500950013126000390022630000360026549000140030150000410031550000430035653400760039970000350047570000220051083000210053204900090055395201210056299900170068300002467520200930023314.0110202s1969 sp ad r 000 0 spa d aDO-SdBNPbspacBNPHU axxxxxbM612g1 aMeyer, J.95059510aGestión presupuestaria /cJ. Meyer ; traducción Pablo Gil Castro ; prefacio Jean Poly. aBilbao, España :bDeusto,c1969. a271 p. :bil, diagrs. ;c21 cm.1 aGestión aIncluye bibliografía p. [269-271]. aIncluye notas al pie de las páginas. pTítulo original en francés:tGestion budgétaire,cParís : Dunod1 aGil Castro, Pablo,etr.9505961 aPoly, Jean950597 0aGestión950598 aBNGR 001054708MOaGRbGRcCTd2011-02-02iLF1l0oxxxxx M612gp24675-10r2020-06-25w2020-06-25y4ZPréstamo en sala c24168d24168